Kaliningrad - Choix Multiples - Statistiques

Statistiques générales
  • Ce quiz a été pris 45 fois
  • Le résultat moyen est 6 sur 10
Statistiques - réponses
Question Réponse % Correct
Quelle mer borde Kaliningrad ? Mer Baltique
88%
Comment se nommait Kaliningrad jusqu'en 1946 ? Königsberg
76%
De quel État cette ville était la capitale ? Duché de Prusse
73%
Quel philosophe de culture critique est né dans la ville ? Immanuel Kant
71%
Qui a fondé la ville en 1255 ? Les Chevaliers Teutoniques
66%
Quel condiment accompagne les boulettes de viandes dans la recette du Klopse ? Câpres
54%
Quel événement Kaliningrad a-t-elle accueilli en 2018 ? La coupe du monde de football
51%
Avec quelle gemme, issue de gisements locaux, fait-on des bijoux à Kaliningrad ? Ambre
46%
Quel fameux problème mathématique prend pour exemple la ville ? Les sept ponts
41%
Pourquoi la cathédrale n’a-t-elle pas été rasée par les Soviétiques lors de la prise de la ville et sa destruction en 1945 ? Elle abritait les restes du philosophe cité plus haut
39%
Aucun quiz correspondant
Distribution des résultats
% des personnes avec chaque résultat
Percentile par nombre de réponses
Votre historique - résultats
Vous n’avez pas pris ce quiz